Southville International School and Colleges
Your cart is empty.
  • Cart
  • Lists
    Public lists Eva Luna New books Lux_list list_1
    Your lists Log in to create your own lists
  • Log in to your account
  • Your cookies
  • Search history
Southville International School and Colleges
  • Advanced search
  • Recent comments
  • Most popular
  • Libraries

Log in to your account

Log in with GOOGLE


If you do not have an external account, but do have a local account, you can still log in:

  1. Home
  2. MARC view: Tet! :
Normal view MARC view ISBD view

Tet! : (Record no. 2370)

[ view plain ]
MARC details
000 -LEADER
fixed length control field 01351cam a22003614a 4500
001 - CONTROL NUMBER
control field 12192978
003 - CONTROL NUMBER IDENTIFIER
control field OSt
005 - DATE AND TIME OF LATEST TRANSACTION
control field 20151015141809.0
008 - FIXED-LENGTH DATA ELEMENTS--GENERAL INFORMATION
fixed length control field 001002r20011971mdua b 001 0 eng
010 ## - LIBRARY OF CONGRESS CONTROL NUMBER
LC control number 00050647
020 ## - INTERNATIONAL STANDARD BOOK NUMBER
International Standard Book Number 0801867037 (pbk. : alk. paper)
040 ## - CATALOGING SOURCE
Original cataloging agency DLC
Transcribing agency DLC
Modifying agency DLC
042 ## - AUTHENTICATION CODE
Authentication code pcc
043 ## - GEOGRAPHIC AREA CODE
Geographic area code a-vt---
050 00 - LIBRARY OF CONGRESS CALL NUMBER
Classification number DS 557.8.T4
Item number .Ob24 2001
082 00 - DEWEY DECIMAL CLASSIFICATION NUMBER
Classification number IB 959.7043
Item number Ob2 2001
100 1# - MAIN ENTRY--PERSONAL NAME
Personal name Oberdorfer, Don.
245 10 - TITLE STATEMENT
Title Tet! :
Remainder of title the turning point in the vietnam war /
Statement of responsibility, etc by Don Oberdorfer.
246 32 - VARYING FORM OF TITLE
Title proper/short title Turning point in the Vietnam War
260 ## - PUBLICATION, DISTRIBUTION, ETC. (IMPRINT)
Place of publication, distribution, etc Baltimore, MD :
Name of publisher, distributor, etc Johns Hopkins University Press,
Date of publication, distribution, etc 2001.
300 ## - PHYSICAL DESCRIPTION
Extent xix, 385 p. :
Other physical details ill. ;
Dimensions 22 cm.
650 #0 - SUBJECT ADDED ENTRY--TOPICAL TERM
Topical term or geographic name as entry element Tet Offensive, 1968.
650 #0 - SUBJECT ADDED ENTRY--TOPICAL TERM
Topical term or geographic name as entry element The turning point in the Vietnam war.
856 42 - ELECTRONIC LOCATION AND ACCESS
Materials specified Contributor biographical information
Uniform Resource Identifier <a href="http://www.loc.gov/catdir/bios/jhu052/00050647.html">http://www.loc.gov/catdir/bios/jhu052/00050647.html</a>
856 41 - ELECTRONIC LOCATION AND ACCESS
Materials specified Table of contents
Uniform Resource Identifier <a href="http://www.loc.gov/catdir/toc/jhu051/00050647.html">http://www.loc.gov/catdir/toc/jhu051/00050647.html</a>
856 42 - ELECTRONIC LOCATION AND ACCESS
Materials specified Publisher description
Uniform Resource Identifier <a href="http://www.loc.gov/catdir/description/jhu051/00050647.html">http://www.loc.gov/catdir/description/jhu051/00050647.html</a>
906 ## - LOCAL DATA ELEMENT F, LDF (RLIN)
a 7
b cbc
c orignew
d 1
e ocip
f 20
g y-gencatlg
942 ## - ADDED ENTRY ELEMENTS (KOHA)
Source of classification or shelving scheme Library of Congress Classification
Koha item type Books
Holdings
Withdrawn status Lost status Source of classification or shelving scheme Damaged status Home library Current library Shelving location Date acquired Total Checkouts Full call number Barcode Date last seen Copy number Price effective from Koha item type
    Library of Congress Classification   Luxembourg Library Luxembourg Library International Baccalaureate Section 03/12/2013   DS 557.8.T4 .Ob24 2001 14530 08/13/2013 1 10/03/2013 Books
    Library of Congress Classification   Luxembourg Library Luxembourg Library International Baccalaureate Section 06/25/2013   DS 557.8.T4 .Ob24 2001 14531 08/13/2013 2 06/25/2013 Books
    Library of Congress Classification   Luxembourg Library Luxembourg Library International Baccalaureate Section 06/25/2013   DS 557.8.T4 .Ob24 2001 14532 08/13/2013 3 06/25/2013 Books

Tet! :

APA

Oberdorfer D., . (2001). Tet!. Baltimore, MD: Johns Hopkins University Press.

Chicago

Oberdorfer Don, . 2001. Tet!. Baltimore, MD: Johns Hopkins University Press.

Harvard

Oberdorfer D., . (2001). Tet!. Baltimore, MD: Johns Hopkins University Press.

MLA

Oberdorfer Don, . Tet!. Baltimore, MD: Johns Hopkins University Press. 2001.

  • Place hold
  • Print
  • Cite
  • Add to your cart (remove)
  • Save record
    BIBTEX Dublin Core MARCXML MARC (non-Unicode/MARC-8) MARC (Unicode/UTF-8) MARC (Unicode/UTF-8, Standard) MODS (XML) RIS
  • More searches
    Search for this title in:
    Other Libraries (WorldCat) Other Databases (Google Scholar) Online Stores (Bookfinder.com) Open Library (openlibrary.org)

Exporting to Dublin Core...

SOUTHVILLE LIBRARY

Southville International School and Colleges Library

1281 Tropical Ave. Cor. Luxembourg St., BF Homes International, Las Pinas City

Tel. No. 8256374 / 252358 Loc. 117/146

Powered by Koha